Lady Gaga - Born This Way (Pistes) - Statistiques

Statistiques générales
  • Ce quiz a été pris 16 fois
  • Le résultat moyen est 10 sur 16
Statistiques - réponses
Indice Réponse % Correct
2 Born This Way
100%
1 Marry The Night
91%
4 Judas
82%
5 Americano
64%
14 Electric Chapel
64%
3 Government Hooker
64%
6 Hair
64%
10 Bad Kids
55%
9 Black Jesus + Amen Fashion
55%
13 Heavy Metal Lover
55%
15 The Queen
55%
16 Yoü and I
55%
8 Bloody Mary
45%
12 Highway Unicorn (Road to Love)
45%
7 Sheiße
45%
11 Fashion of His Love
36%
Aucun quiz correspondant
Distribution des résultats
% des personnes avec chaque résultat
Percentile par nombre de réponses
Votre historique - résultats
Vous n’avez pas pris ce quiz